| 000 | 00428nam a2200193Ia 4500 | ||
|---|---|---|---|
| 003 | 0100 | ||
| 008 | 130303s9999 xx 000 0 und d | ||
| 040 | _cARRUPELIB | ||
| 050 | _aK231.G563 1975 | ||
| 100 | _aGolding, Martin P | ||
| 245 | _aPhilosophy of law | ||
| 260 | _aNew Jersey | ||
| 260 | _bPrentice-Hall, inc. | ||
| 260 | _C1975 | ||
| 300 | _ax | ||
| 300 | _b 133p. 23cm | ||
| 650 | _aPHILOSOPHY | ||
| 942 | 0 | 0 | _03 |
| 999 |
_c16172 _d16172 |
||